|
|
|
|
| LEADER |
00000nab a2200000 a 4500 |
| 001 |
vtls000366260 |
| 003 |
SK-MaSNL |
| 005 |
20260304032728.0 |
| 008 |
230629c1989 xo 0 slo |
| 015 |
|
|
|a SNBRB19rr/mm-uuuuu
|
| 035 |
|
|
|a CL0366382
|
| 035 |
|
|
|a urn:nbn:sk:snk-ab1m2a
|
| 035 |
|
|
|a (urnnbn)urn:nbn:sk:snk:ar-004iss
|
| 035 |
|
|
|a (uuid)55f53e83-c063-4659-8018-dc689aac31db
|
| 040 |
|
|
|a SNKBUCL
|b slo
|c SNKBUCL
|e AACR2
|
| 041 |
0 |
|
|a slo
|
| 044 |
|
|
|a xo
|c SK
|
| 080 |
|
|
|a 027.7(437.6)
|2 1981
|
| 100 |
1 |
|
|a Fratričová, Marta,
|d 1933-
|4 aut
|9 288437
|
| 245 |
1 |
0 |
|a Služby knižnice v službách spoločnosti
|c Marta Fratričová
|
| 610 |
2 |
7 |
|a Univerzitná knižnica v Bratislave
|2 snkbucl
|9 192279
|
| 655 |
|
7 |
|a články z novín a časopisov
|2 snkbucl
|9 267496
|
| 655 |
|
7 |
|a články z odboru knihovníctvo
|2 snkbucl
|9 166141
|
| 773 |
0 |
|
|t Knižnice a vedecké informácie
|g Roč. 21, č. 6 (1989), s. 285-288
|
| 850 |
|
|
|a Slovenská národná knižnica v Martine
|a MTA001
|
| 852 |
|
|
|a SNK
|b KIS3GCP
|
| 954 |
|
|
|a odborná, vedecká literatúra pôvodná (slovenská)
|2 lita
|
| 957 |
|
|
|a 5100
|
| 958 |
|
|
|a RK
|
| 958 |
|
|
|a KL
|
| 958 |
|
|
|a OND
|
| 958 |
|
|
|a EUIPO
|
| 958 |
|
|
|a article2022
|
| 992 |
|
|
|a RBX
|
| 999 |
|
|
|c 2644672
|d 2646602
|